| 000 | 00476nam a22001337a 4500 | ||
|---|---|---|---|
| 008 | 150706s2015 sp ||||| |||| 00| 0 cat d | ||
| 020 | _a8496103587 | ||
| 040 | _cCPC Girona | ||
| 110 | 2 |
_92669 _aAssociació UNESCO per al Diàleg Interreligiós |
|
| 245 | _aDiccionari de religions | ||
| 260 |
_aBarcelona _bGeneralitat de Catalunya. Departament de Governació i Relacions Institucionals. Direcció General d'Afers Religioses _c2015 |
||
| 300 |
_a279p. _c20cm. |
||
| 942 |
_2udc _cMON |
||
| 999 |
_c6873 _d6873 |
||